Visualizzazione normale
Vista MARC
- Prokofiev Sergiej
di Personal Name
Records bibliografici associati: 1
001 - CONTROL NUMBER
- control field: 31374
003 - CONTROL NUMBER IDENTIFIER
- control field: IT-RoPau
005 - DATE AND TIME OF LATEST TRANSACTION
- control field: 20140623120537.0
008 - FIXED-LENGTH DATA ELEMENTS
- fixed length control field: 140623|| aca||aabn | a|a d
040 ## - CATALOGING SOURCE
- Original cataloging agency: IT-RoPau
- Transcribing agency: IT-RoPau
100 ## - HEADING--PERSONAL NAME
- Personal name: Prokofiev Sergiej
670 ## - SOURCE DATA FOUND
- Source citation: Work cat.: (IT-RoPau)103507: Prokofiev Sergiej, Pierino e il lupo - Sinfonia dei giocattoli